000 00492nam a2200181Ia 4500
008 240925s9999 xx 000 0 und d
020 _a70260958
082 _a621.3815 CAT
100 _aCathey , J .J
245 0 _aSchaums Outlines Electronic Devices and Circuits
250 _a3rd
260 _aNew Delhi:
_bTata McGraw Hill
_c,2009.
300 _axviii,1136p.
_bN.A
_fPhotocopy
500 _aIncludes Index
600 _aElectronic Engineering
650 _aTechnology
942 _cBK
999 _c10215
_d10215